Significant Regions of Chinese Diaspora - Statistics

General Stats
  • This quiz has been taken 46 times
  • The average score is 24 of 30
Answer Stats
Overseas Chinese Country % Correct
5,457,033 United States
100%
1,715,770 Canada
98%
749,466 Vietnam
98%
250,000 Brazil
95%
116,000 France
95%
10,880,000 Indonesia
95%
922,000 Japan
95%
1,070,566 South Korea
95%
6,892,367 Malaysia
93%
308,984 Italy
90%
223,999 Spain
90%
9,392,792 Thailand
90%
488,847 United Kingdom
90%
163,000 Germany
88%
2,675,521 Singapore
88%
1,390,637 Australia
85%
85,000 India
85%
185,765 Laos
85%
1,350,000 Philippines
85%
343,855 Cambodia
83%
1,725,794 Myanmar
83%
247,770 New Zealand
80%
84,453 Netherlands
70%
200,000 Argentina
68%
400,000 South Africa
60%
180,000 United Arab Emirates
60%
105,000 Saudi Arabia
58%
98,000 Bangladesh
53%
100,000 Nigeria
35%
80,000 Panama
20%
No matching quizzes found
Score Distribution
Percent of People with Each Score
Percentile by Number Answered
Your Score History
You have not taken this quiz